[Event "Bayern-chI Bank Hofmann 22nd"]
[Site "Tegernsee"]
[Date "2018.10.29"]
[Round "3"]
[White "Firouzja, Alireza"]
[Black "Schoen, Rudolf"]
[Result "1-0"]
[WhiteElo "2600"]
[BlackElo "1997"]
[PlyCount "51"]
[EventDate "2018.10.27"]
[EventType "swiss"]
[EventRounds "9"]
[EventCountry "GER"]
[SourceTitle "CBM 187 Extra"]
[Source "ChessBase"]
[SourceDate "2018.11.04"]
[SourceVersion "1"]
[SourceVersionDate "2018.11.04"]
[SourceQuality "1"]

1. e4 c5 2. Nf3 Nc6 3. Bb5 g6 4. Bxc6 dxc6 5. h3 Nf6 6. Nc3 Bg7 7. d3 0-0 8. Be3 b6 9. Qd2 Re8 10. Bh6 Bh8 11. e5 Nd5 12. Ne4 Bf5 13. Ng3 Bd7 14. 0-0 Qc7 15. c4 Nb4 16. a3 Na6 17. Qf4 f6 18. Rfe1 Rad8 19. Re3 Qb8 20. Rae1 Nc7 21. exf6 exf6 22. Re7 Qc8 23. Nh5 f5 24. Bg7 gxh5 25. Bxh8 Rxe7 26. Rxe7 1-0

[Event "Regionalliga Nord-Ost 1718"]
[Site "Bayern"]
[Date "2018.02.04"]
[Round "6.6"]
[White "Schoen, Rudolf"]
[Black "Diehl, Achim"]
[Result "0-1"]
[WhiteElo "1899"]
[BlackElo "1940"]
[PlyCount "78"]
[EventDate "2017.10.22"]
[EventType "team-tourn"]
[EventRounds "9"]
[EventCountry "GER"]
[SourceTitle "EXT 2022"]
[Source "ChessBase"]
[SourceDate "2021.10.06"]
[SourceVersion "1"]
[SourceVersionDate "2021.10.06"]
[SourceQuality "1"]
[WhiteTeam "Windischeschenbach"]
[BlackTeam "Nuernberg Sued SW II"]
[WhiteTeamCountry "GER"]
[BlackTeamCountry "GER"]

1. e4 c5 2. Nc3 e6 3. f4 d5 4. Bb5+ Bd7 5. Bxd7+ Qxd7 6. d3 dxe4 7. Nxe4 Nf6 8. Nxf6+ gxf6 9. Nf3 Nc6 10. Bd2 0-0-0 11. Qe2 Be7 12. 0-0-0 Kb8 13. Kb1 Qc7 14. Rhe1 Qb6 15. Qf2 Qb5 16. Re4 f5 17. Rc4 Rhf8 18. Re1 Qa6 19. a4 b6 20. Bc3 Rc8 21. Ne5 Qb7 22. Re3 Nd8 23. Rh3 f6 24. Nf3 Rf7 25. Rh6 Nc6 26. Qh4 Bd8 27. d4 Qa6 28. b3 cxd4 29. Bxd4 e5 30. Bc3 Ne7 31. Rxc8+ Kxc8 32. fxe5 Nd5 33. e6 Nxc3+ 34. Kb2 Rc7 35. e7 Bxe7 36. Rxh7 Nd1+ 37. Kc1 Qe2 38. Rh8+ Kb7 39. Nd4 Ba3+ 0-1

[Event "Bayern-chI Bank Hofmann 21st"]
[Site "Tegernsee"]
[Date "2017.10.30"]
[Round "3"]
[White "Sandipan, Chanda"]
[Black "Schoen, Rudolf"]
[Result "1-0"]
[WhiteElo "2555"]
[BlackElo "1982"]
[PlyCount "57"]
[EventDate "2017.10.28"]
[EventType "swiss"]
[EventRounds "9"]
[EventCountry "GER"]
[SourceTitle "CBM 181 Extra"]
[Source "ChessBase"]
[SourceDate "2017.12.12"]
[SourceVersion "1"]
[SourceVersionDate "2017.12.12"]
[SourceQuality "1"]

1. d4 Nf6 2. c4 e6 3. Nc3 Bb4 4. e3 0-0 5. Bd2 d5 6. Nf3 Re8 7. Rc1 Nbd7 8. Qb3 Bxc3 9. Bxc3 c6 10. Be2 Ne4 11. 0-0 Qb6 12. Qc2 Ndf6 13. Be1 Bd7 14. Ne5 Qd8 15. c5 h6 16. f3 Ng5 17. Bh4 Ngh7 18. Bd3 Nf8 19. Ng4 h5 20. Nxf6+ gxf6 21. f4 Kg7 22. Rf3 Kh6 23. Rg3 Bc8 24. Rg5 Qc7 25. Rg8 f5 26. Bf6 Bd7 27. Qf2 Ng6 28. Qg3 Kh7 29. Rg7+ 1-0

[Event "Regionalliga NO 1415"]
[Site "Bayern"]
[Date "2015.02.22"]
[Round "7.7"]
[White "Nehls, Benedikt"]
[Black "Schoen, Rudolf"]
[Result "1-0"]
[WhiteElo "2013"]
[BlackElo "1879"]
[PlyCount "103"]
[EventDate "2014.10.19"]
[EventType "team-tourn"]
[EventRounds "9"]
[EventCountry "GER"]
[SourceTitle "EXT 2018"]
[Source "ChessBase"]
[SourceDate "2017.10.13"]
[SourceVersion "1"]
[SourceVersionDate "2017.10.13"]
[SourceQuality "1"]
[WhiteTeam "Erlangen SC II"]
[BlackTeam "Windischeschenbach"]
[WhiteTeamCountry "GER"]
[BlackTeamCountry "GER"]

1. d4 f5 2. Bg5 g6 3. Nc3 Bg7 4. e3 d5 5. Nf3 c6 6. Qd2 Nd7 7. h4 Ngf6 8. Bf4 Ne4 9. Nxe4 fxe4 10. Ng5 Nf6 11. Be5 e6 12. Be2 Bd7 13. 0-0-0 Qe7 14. Kb1 a5 15. Nh3 0-0 16. h5 gxh5 17. Nf4 Be8 18. Rh3 Ng4 19. Bxg7 Kxg7 20. Rg3 Kh8 21. Bxg4 hxg4 22. Rxg4 e5 23. dxe5 Qxe5 24. Rh1 Rg8 25. Rgh4 Rg7 26. g4 a4 27. Qb4 Qe7 28. Qd4 Kg8 29. a3 b5 30. Nxd5 Qa7 31. Nf6+ Kf7 32. Qxa7+ Rxa7 33. Nxe4 Kf8 34. Nf6 Bg6 35. f4 Rgf7 36. g5 Rae7 37. Ng4 Be4 38. Rd1 Rd7 39. Rxd7 Rxd7 40. Nf2 Bg6 41. Kc1 c5 42. Rh1 b4 43. Rd1 Re7 44. Rd8+ Kg7 45. Ng4 Kf7 46. Ne5+ Ke6 47. Ra8 Kf5 48. Rxa4 Ke4 49. Kd2 Re6 50. axb4 Rd6+ 51. Ke1 cxb4 52. Rxb4+ 1-0

[Event "Regionalliga NO 1415"]
[Site "Bayern"]
[Date "2015.02.01"]
[Round "6.6"]
[White "Judas, Sven"]
[Black "Schoen, Rudolf"]
[Result "1-0"]
[WhiteElo "2049"]
[BlackElo "1879"]
[PlyCount "157"]
[EventDate "2014.10.19"]
[EventType "team-tourn"]
[EventRounds "9"]
[EventCountry "GER"]
[SourceTitle "EXT 2018"]
[Source "ChessBase"]
[SourceDate "2017.10.13"]
[SourceVersion "1"]
[SourceVersionDate "2017.10.13"]
[SourceQuality "1"]
[WhiteTeam "Bechhofen"]
[BlackTeam "Windischeschenbach"]
[WhiteTeamCountry "GER"]
[BlackTeamCountry "GER"]

1. d4 f5 2. g4 d5 3. gxf5 Bxf5 4. Bg2 Nf6 5. c4 Be4 6. Bxe4 Nxe4 7. Nf3 c6 8. Qb3 Qa5+ 9. Nc3 e5 10. Nxe5 Bb4 11. Nd3 Na6 12. Nxb4 Qxb4 13. cxd5 Qxb3 14. axb3 cxd5 15. f3 Nf6 16. Bg5 Nb4 17. Kf2 0-0 18. Bxf6 Rxf6 19. Ra4 a5 20. Rha1 Rfa6 21. Nb5 Nc2 22. R1a2 Nb4 23. Ra1 Nc2 24. R1a2 Rh6 25. Kg3 Re8 26. Rxa5 Rxe2 27. Ra8+ Kf7 28. Rb8 Rb6 29. Ra5 Rd2 30. Rd8 Nxd4 31. Nxd4 Rxd4 32. Rdxd5 Rxd5 33. Rxd5 Rxb3 34. Rd2 Kf6 35. Re2 b5 36. h4 Rb4 37. Rc2 Rc4 38. Re2 g6 39. Re3 Rb4 40. Re2 Kf5 41. Rc2 Rc4 42. Re2 h6 43. Re3 Rb4 44. Re2 Rb3 45. Rc2 Re3 46. Rc5+ Re5 47. Rc6 b4 48. Rb6 Re1 49. Rb5+ Ke6 50. Rxb4 Kd5 51. Rb6 Kc5 52. Rb8 Rg1+ 53. Kh2 Rf1 54. Kg2 Rd1 55. Rc8+ Kb5 56. Rg8 Rd6 57. Kf2 Rb6 58. Rc8 Ka4 59. Rc2 Kb3 60. Re2 Kc4 61. Kg3 Kd3 62. Kf2 Rb4 63. Re3+ Kc2 64. Re6 Rxh4 65. Rxg6 Kxb2 66. Ke3 Kc3 67. f4 Kc4 68. Ke4 Kc5 69. Ke5 Rh1 70. f5 Re1+ 71. Kf6 h5 72. Rh6 Rh1 73. Ke6 Re1+ 74. Kf7 Rh1 75. f6 Kd6 76. Kg7 Rg1+ 77. Rg6 Rf1 78. Rg2 h4 79. f7 1-0

[Event "Regionalliga NO 1415"]
[Site "Bayern"]
[Date "2014.10.19"]
[Round "1.5"]
[White "Stoeckl, Stephan"]
[Black "Schoen, Rudolf"]
[Result "1/2-1/2"]
[WhiteElo "2061"]
[BlackElo "1879"]
[PlyCount "81"]
[EventDate "2014.10.19"]
[EventType "team-tourn"]
[EventRounds "9"]
[EventCountry "GER"]
[SourceTitle "EXT 2018"]
[Source "ChessBase"]
[SourceDate "2017.10.13"]
[SourceVersion "1"]
[SourceVersionDate "2017.10.13"]
[SourceQuality "1"]
[WhiteTeam "Schwandorf"]
[BlackTeam "Windischeschenbach"]
[WhiteTeamCountry "GER"]
[BlackTeamCountry "GER"]

1. Nf3 d5 2. c4 d4 3. b4 c5 4. Bb2 Nc6 5. b5 Na5 6. d3 Qc7 7. g3 b6 8. Bg2 Bb7 9. 0-0 e5 10. Nbd2 Be7 11. e3 Nf6 12. exd4 exd4 13. Re1 0-0 14. Nb3 Bd6 15. Nxa5 bxa5 16. Qd2 Rae8 17. Rxe8 Rxe8 18. Re1 Rxe1+ 19. Qxe1 h6 20. Bc1 Qd8 21. Bd2 Qa8 22. Nh4 Bxg2 23. Nxg2 Qf3 24. Qf1 a4 25. Nh4 Qh5 26. f4 Qg4 27. Qf3 Qxf3 28. Nxf3 Kf8 29. Kf2 Ke7 30. Nh4 g6 31. Kf3 h5 32. h3 Ke6 33. g4 hxg4+ 34. hxg4 Nd7 35. Ba5 g5 36. fxg5 Ne5+ 37. Ke2 Nxg4 38. Bd8 Ne5 39. Ng2 Ng6 40. Kf3 Kf5 41. Ke2 1/2-1/2

[Event "Regionalliga NO 1314"]
[Site "Bayern"]
[Date "2013.12.15"]
[Round "4.6"]
[White "Sikorsky, Horst"]
[Black "Schoen, Rudolf"]
[Result "1/2-1/2"]
[WhiteElo "1929"]
[BlackElo "1854"]
[PlyCount "73"]
[EventDate "2013.10.13"]
[EventType "team-tourn"]
[EventRounds "9"]
[EventCountry "GER"]
[SourceTitle "EXT 2015"]
[Source "ChessBase"]
[SourceDate "2014.11.20"]
[SourceVersion "1"]
[SourceVersionDate "2014.11.20"]
[SourceQuality "1"]
[WhiteTeam "Gunzenhausen"]
[BlackTeam "Windischeschenbach"]
[WhiteTeamCountry "GER"]
[BlackTeamCountry "GER"]

1. e4 c5 2. Nf3 g6 3. d4 cxd4 4. Nxd4 Bg7 5. c4 Nc6 6. Be3 Nf6 7. Nc3 0-0 8. Be2 d6 9. 0-0 Bd7 10. Nb3 Rc8 11. f4 Qc7 12. Rc1 Qb8 13. g4 Rfd8 14. g5 Ne8 15. Qe1 Nc7 16. Qh4 f5 17. gxf6 Bxf6 18. Qg3 Kh8 19. c5 Ne6 20. Rcd1 dxc5 21. Nxc5 Nxc5 22. Bxc5 Be8 23. Bg4 Rxd1 24. Rxd1 Rd8 25. Rxd8 Qxd8 26. e5 Bg7 27. Be6 Nd4 28. Bc4 b6 29. Ba3 b5 30. Bd3 Qb6 31. Kf1 b4 32. Nd5 Qc5 33. Nxb4 Qc1+ 34. Kf2 Qd2+ 35. Kf1 Qc1+ 36. Kf2 Qd2+ 37. Kf1 1/2-1/2

[Event "Regionalliga NO 0809"]
[Site "Bayern"]
[Date "2008.12.14"]
[Round "4.8"]
[White "Schoen, Rudolf"]
[Black "Killmann, Martin"]
[Result "1-0"]
[WhiteElo "1921"]
[BlackElo "1632"]
[PlyCount "73"]
[EventDate "2008.10.05"]
[EventType "team-tourn"]
[EventRounds "9"]
[EventCountry "GER"]
[SourceTitle "EXT 2020"]
[Source "ChessBase"]
[SourceDate "2019.10.17"]
[SourceVersion "1"]
[SourceVersionDate "2019.10.17"]
[SourceQuality "1"]
[WhiteTeam "Windischeschenbach"]
[BlackTeam "Forchheim II"]
[WhiteTeamCountry "GER"]
[BlackTeamCountry "GER"]

1. e4 d5 2. exd5 Nf6 3. d4 Bg4 4. f3 Bf5 5. Bb5+ Nbd7 6. Nc3 a6 7. Bd3 Bxd3 8. Qxd3 Nb6 9. Nge2 Nbxd5 10. Nxd5 Qxd5 11. 0-0 e6 12. Nc3 Qd7 13. Be3 Be7 14. Ne4 0-0 15. Rad1 Rfd8 16. c4 c5 17. Qe2 cxd4 18. Rxd4 Qc7 19. Rfd1 Nxe4 20. Rxe4 Bf6 21. b4 Rxd1+ 22. Qxd1 Rd8 23. Qe2 Qd6 24. b5 Qd1+ 25. Kf2 Bc3 26. bxa6 bxa6 27. c5 a5 28. Qxd1 Rxd1 29. c6 Rd8 30. Bb6 Rc8 31. Rc4 Bb4 32. c7 f6 33. Ke2 Kf7 34. Rd4 Bc5 35. Rd8 Bxb6 36. Rxc8 Ke7 37. Re8+ 1-0

[Event "Prague op-A 07th"]
[Site "Prague"]
[Date "2008.01.16"]
[Round "7"]
[White "Benes, Petr1111"]
[Black "Schoen, Rudolf"]
[Result "0-1"]
[WhiteElo "2143"]
[BlackElo "2030"]
[PlyCount "74"]
[EventDate "2008.01.11"]
[EventType "swiss"]
[EventRounds "9"]
[EventCountry "CZE"]
[SourceTitle "CBM 122 Extra"]
[Source "ChessBase"]
[SourceDate "2008.03.04"]
[SourceVersion "1"]
[SourceVersionDate "2008.03.04"]
[SourceQuality "1"]

1. g3 Nf6 2. Bg2 d5 3. c4 Bf5 4. cxd5 Bxb1 5. Rxb1 Nxd5 6. Qb3 e6 7. Qxb7 Nd7 8. Qc6 N5b6 9. Nf3 Bd6 10. 0-0 0-0 11. d4 Rb8 12. Rd1 Qe7 13. e4 f6 14. Bd2 Qf7 15. a4 e5 16. d5 Nc5 17. a5 Nc8 18. b4 Ne7 19. Qxc5 Bxc5 20. bxc5 h6 21. a6 Qg6 22. Nh4 Qe8 23. c6 Nxc6 24. dxc6 Rxb1 25. Rxb1 Qxc6 26. Ra1 Rd8 27. Nf5 Qc2 28. Be3 Kf7 29. Bf3 Rb8 30. Kg2 Rb1 31. Ra5 Qc4 32. Kh3 Qf1+ 33. Bg2 Qe2 34. Nxh6+ gxh6 35. Kh4 Kg6 36. g4 Rg1 37. Kg3 Qf1 0-1